Americana thebaida /

Historia de las misiones de los agustinos en el estado de Michoacán, que comenzaron a fundarse en el siglo XVI.

I tiakina i:
Ngā taipitopito rārangi puna kōrero
Kaituhi matua: Escobar, Matías de (autor)
Hōputu: Pukapuka
Reo:Pāniora
Rangatū:(Documentos y Testimonios ; 3)
Ngā marau:
Ngā Tūtohu: Tāpirihia he Tūtohu
Kāore He Tūtohu, Me noho koe te mea tuatahi ki te tūtohu i tēnei pūkete!

MARC

LEADER 00000nam^a2200000^a^4500
001 000119885
005 20250521000000.0
009 20260310094333.794
037 |a Acervo ITESO - Biblioteca 
041 |a ESP 
082 |a 972. 3703  |b ESC 
100 |a Escobar, Matías de  |e (autor) 
245 1 0 |a Americana thebaida /  |c M. de Escobar. 
264 |a Morelia, México :  |b Balsal,  |c 1970 
300 |a 475 p. 
336 |a texto  |b txt  |2 rdacontenido 
337 |a sin mediación  |b n  |2 rdamedio 
338 |a volumen  |b nc  |2 rdasoporte 
440 1 |a (Documentos y Testimonios ;  |v 3) 
520 |a Historia de las misiones de los agustinos en el estado de Michoacán, que comenzaron a fundarse en el siglo XVI. 
649 |a XX 
650 |a Agustinos en Michoacán -  |x Historia 
650 |a Agustinos en México -  |x Historia 
650 |a Monasticismo y Ordenes Religiosas -  |z Michoacán 
650 |a Monasticismo y Ordenes Religiosas -  |z México 
650 |a Michoacán -  |x Historia -  |y Epoca Colonial, 1517-1821 
650 |a México -  |x Historia -  |y Epoca Colonial, 1517-1821 
650 |a México -  |x Historia 
910 |a Fondo Salvador Reynoso Reynoso 
920 |a Impresos - Libros 
930 |a Fondos Especiales 
905 |a 112 
901 |a 0800005503  |b IT2  |c ESP  |u 20250521 
902 |a https://opac.biblio.iteso.mx/vufind/Record/000119885